Estadística aplicada a genética general
Salvato in:
| Autori principali: | , |
|---|---|
| Natura: | Libro |
| Lingua: | spagnolo |
| Pubblicazione: |
Ciudad de México
Centro Regional de Ayuda Técnica
1971
|
| Soggetti: | |
| Tags: |
Aggiungi Tag
Nessun Tag, puoi essere il primo ad aggiungerne!!
|
MARC
| LEADER | 00000nam a2200000 a 4500 | ||
|---|---|---|---|
| 001 | UCZ7318 | ||
| 003 | CL-VaPUC | ||
| 008 | 951228e19710000MX |||||||||||||||||spa|d | ||
| 082 | 0 | 4 | |a 616.042 |b TOR |2 21 |
| 100 | 0 | |a Torres, Andrew M |e author |9 352124 | |
| 700 | 0 | |a Katz, Morris W |e author |9 352125 | |
| 245 | 1 | 0 | |a Estadística aplicada a genética general |
| 300 | |a 48 p | ||
| 942 | |c BK | ||
| 945 | |d 19951228 00:00:00 |a cmena | ||
| 260 | |a Ciudad de México |b Centro Regional de Ayuda Técnica |c 1971 | ||
| 650 | 0 | |a Genética |9 259443 | |
| 650 | 7 | |a REPRODUCCION FISIOLOGIA |2 CL-VaPUC |9 352126 | |
| 650 | 0 | |a Evolución |9 259442 | |
| 650 | 0 | |a Herencia |9 256325 | |
| 650 | 0 | |a Estadística |9 259535 | |
| 650 | 7 | |a ESTADISTICAS CIENTIFICAS |2 CL-VaPUC |9 338295 | |
| 650 | 0 | |a Datos estadísticos |9 329380 | |
| 583 | |a last modification |c 19951228 00:00:00 |k Rodrigo Vera | ||
| 999 | |c 243413 |d 243411 | ||